Billionaire Club Quiz Stats

 Plays Quiz Updated Nov 29, 2016

Support Sporcle.
Go Orange.
Score 0/10 Timer 05:00
4 Plays Today
Question Answer Wrong Answers
Which billionaire is the founder of Facebook? Mark Zuckerberg
94.7%
Richard DeVos
1%
Do Won Chang
1%
Mark Cuban
1%
Which billionaire is the founder of Amazon? Jeff Bezos
89.1%
Bill Gates
2.4%
Pierre Omidyar
4.1%
Dilip Shanghvi
3.6%
Which musician in 2002 was named Britain's first ever pop billionaire? Paul McCartney
87.3%
Elvis Costello
2.2%
Eric Clapton
4%
Peter Asher
1.7%
Which is the billionaire founder of the Virgin Group? Richard Branson
82.8%
Madonna
4.2%
Virginia Woolf
3.8%
George Soros
4.3%
Which of these people was one of the first billionaires and the subject of the Academy Award winning film 'The Aviator'? Howard Hughes
80.9%
Howard K. Stern
4.2%
John D. Rockefeller
8.3%
Andrew Carnegie
4.9%
Which is the billionaire founder of Walmart? Sam Walton
77.7%
Walter O'Malley
7.3%
Charles Walgreen
7.8%
S. S. Kresge
2.1%
Which billionaire co-founded Microsoft? Paul Allen
75.6%
Warren Buffett
6.9%
Elon Musk
4%
Larry Ellison
13.3%
Which billionaire is the co-founder and chairman emeritus of Nike, Inc.? Phil Knight
70.6%
Michael Dell
6.9%
Frank Fertitta Jr.
12%
Richard Branson
6.1%
Which billionaire founded Asylum Records and DreamWorks? David Geffen
63%
Carl Icahn
9.8%
Eli Broad
7.7%
Steve Ballmer
16.4%
Which billionaire is the co-founder and CEO of the mobile app Snapchat? Evan Spiegel
56.5%
Mark Zuckerberg
3.5%
Jack Dorsey
17.1%
David Karp
17.6%

You're not logged in!

Compare scores with friends on all Sporcle quizzes.
OR
Log In

From the Vault

5-Track: Alternative Rock

by gingerlover

The grungier, the better.
Remove Ads.
Support Sporcle.
Get the best of Sporcle when you Go Orange. This ad-free experience offers more features, more stats, and more fun while also helping to support Sporcle. Thank you for becoming a member.

Show Comments

Extras

Top Quizzes Today


Score Distribution

Your Account Isn't Verified!

In order to create a playlist on Sporcle, you need to verify the email address you used during registration. Go to your Sporcle Settings to finish the process.

Report this User

Report this user for behavior that violates our Community Guidelines.

Details: